[Event "ODJM A 2017"]
[Site "Willingen GER"]
[Date "2017.06.04"]
[Round "2"]
[White "Hinrichs, Niklas"]
[Black "Wenninger, Philipp"]
[Result "0-1"]
[Termination "normal"]
[Board "1"]
[WhiteElo "1930"]
[BlackElo "2345"]
[WhiteClock "00:51:06"]
[BlackClock "00:10:44"]
[PlyCount "68"]
[WhiteFideId "12942499"]
[BlackFideId "4648404"]
[EventCountry "GER"]
[EventRounds "9"]
[EventType "swiss"]
[EventDate "2017.06.03"]

1. d4 d5 2. c4 c6 3. Nc3 Nf6 4. Nf3 e6 5. e3 Nbd7 6. Bd3 dxc4 7. Bxc4 b5 8. Bd3
Bb7 9. e4 b4 10. Na4 c5 11. e5 Nd5 12. Nxc5 Nxc5 13. dxc5 Bxc5 14. Bb5+ Kf8 15.
O-O h6 16. Ne1 Nc7 17. Be2 Qxd1 18. Bxd1 Ba6 19. Bd2 Rd8 20. Nf3 Bxf1 21. Kxf1
Nd5 22. Rc1 Be7 23. Bb3 g5 24. g3 g4 25. Nd4 Bg5 26. f4 gxf3 27. Nxf3 Bxd2 28.
Nxd2 Kg7 29. Ke2 Rc8 30. Rf1 Rhf8 31. Ne4 Ne7 32. Nf6 Ng6 33. Nh5+ Kh8 34. Rf6
Rc5 0-1

[Event "ODJM A 2017"]
[Site "Willingen GER"]
[Date "2017.06.04"]
[Round "2"]
[White "Koch, Yannick"]
[Black "Holtel, Jasper"]
[Result "1/2-1/2"]
[Termination "normal"]
[Board "2"]
[BlackTitle "FM"]
[WhiteElo "1927"]
[BlackElo "2297"]
[WhiteClock "00:02:40"]
[BlackClock "00:19:07"]
[PlyCount "103"]
[WhiteFideId "24661678"]
[BlackFideId "12956376"]
[EventCountry "GER"]
[EventRounds "9"]
[EventType "swiss"]
[EventDate "2017.06.03"]

1. d4 Nf6 2. c4 g6 3. Nc3 d5 4. Nf3 Bg7 5. e3 O-O 6. Qb3 e6 7. Bd2 c6 8. Bd3 a5
9. O-O dxc4 10. Bxc4 a4 11. Qc2 b5 12. Be2 Nbd7 13. Rac1 Bb7 14. Nb1 Re8 15.
Bb4 Nd5 16. Bd2 e5 17. e4 N5b6 18. Bg5 Bf6 19. Be3 exd4 20. Nxd4 Bxd4 21. Bxd4
c5 22. Be3 Bxe4 23. Qd2 b4 24. Bb5 Qe7 25. Rfd1 Red8 26. Qd6 Qxd6 27. Rxd6 Kf8
28. Bg5 Bf5 29. Bxd8 Rxd8 30. Rcd1 Ke7 31. R6d2 Be6 32. a3 Rc8 33. Re2 Nf6 34.
f3 Nfd5 35. g3 Kf6 36. Nd2 bxa3 37. bxa3 Nc7 38. Ne4+ Kg7 39. Bc6 Bb3 40. Rc1
Ne6 41. Bb7 Rc7 42. Ba6 Nd4 43. Rf2 c4 44. Nc3 Ra7 45. Bb5 Ra5 46. Be8 Re5 47.
Bxa4 Nxa4 48. Nxa4 Ne2+ 49. Rxe2 Rxe2 50. Nc3 Re5 51. Kf2 Kf8 52. a4 1/2-1/2

[Event "ODJM A 2017"]
[Site "Willingen GER"]
[Date "2017.06.04"]
[Round "2"]
[White "Hecht, Carsten"]
[Black "Mantel, Ruben"]
[Result "1-0"]
[Termination "normal"]
[Board "3"]
[WhiteElo "2232"]
[BlackElo "1961"]
[WhiteClock "00:06:48"]
[BlackClock "00:53:56"]
[PlyCount "67"]
[WhiteFideId "24693928"]
[BlackFideId "12930121"]
[EventCountry "GER"]
[EventRounds "9"]
[EventType "swiss"]
[EventDate "2017.06.03"]

1. e4 c5 2. Nf3 Nc6 3. d4 cxd4 4. Nxd4 Nf6 5. Nc3 e5 6. Ndb5 d6 7. Bg5 a6 8.
Na3 b5 9. Nd5 Be7 10. Bxf6 Bxf6 11. c4 b4 12. Nc2 Rb8 13. Be2 O-O 14. b3 Bg5
15. O-O f5 16. Bf3 f4 17. Qd3 Bh6 18. Rfd1 g5 19. h3 Kh8 20. a3 bxa3 21. b4 Rg8
22. Rxa3 Rg6 23. b5 axb5 24. cxb5 Ne7 25. Bh5 Re6 26. Ncb4 Nxd5 27. exd5 e4 28.
Qb1 Re5 29. Nc6 Qb6 30. Nxe5 dxe5 31. Qxe4 Bg7 32. d6 Bb7 33. Qc2 e4 34. Qc7
1-0

[Event "ODJM A 2017"]
[Site "Willingen GER"]
[Date "2017.06.04"]
[Round "2"]
[White "Tresch, Lukas"]
[Black "Reuker, Jari"]
[Result "0-1"]
[Termination "normal"]
[Board "4"]
[WhiteElo "2043"]
[BlackElo "2169"]
[WhiteClock "00:00:36"]
[BlackClock "00:01:37"]
[PlyCount "70"]
[WhiteFideId "12938866"]
[BlackFideId "12909300"]
[EventCountry "GER"]
[EventRounds "9"]
[EventType "swiss"]
[EventDate "2017.06.03"]

1. e4 c5 2. Nf3 e6 3. d4 cxd4 4. Nxd4 Nc6 5. Nc3 Qc7 6. Be3 a6 7. Bd3 Nf6 8.
O-O b5 9. Nxc6 Qxc6 10. Qf3 Bb7 11. a3 Bc5 12. Bxc5 Qxc5 13. Qg3 Nh5 14. Qh4 g6
15. Rad1 Rd8 16. Kh1 e5 17. Rd2 O-O 18. Rfd1 b4 19. axb4 Qxb4 20. Rb1 d5 21.
Rdd1 f5 22. Qg5 Nf4 23. exf5 Qd6 24. fxg6 hxg6 25. Kg1 Qb6 26. Qg3 e4 27. Bf1
d4 28. Ne2 Nh5 29. Qh4 d3 30. cxd3 exd3 31. Nc3 Rf4 32. Qg5 Rxf2 33. Kh1 Nf4
34. Qh4 Rxg2 35. Qxd8+ Qxd8 0-1

[Event "ODJM A 2017"]
[Site "Willingen GER"]
[Date "2017.06.04"]
[Round "2"]
[White "Denisov, Vladislav"]
[Black "Kornitzky, Tino"]
[Result "1-0"]
[Termination "normal"]
[Board "5"]
[WhiteElo "2172"]
[BlackElo "1996"]
[WhiteClock "00:46:17"]
[BlackClock "00:23:51"]
[PlyCount "111"]
[WhiteFideId "4100867"]
[BlackFideId "12970379"]
[EventCountry "GER"]
[EventRounds "9"]
[EventType "swiss"]
[EventDate "2017.06.03"]

1. e4 c5 2. Nf3 d6 3. Bb5+ Bd7 4. Bxd7+ Qxd7 5. O-O Nc6 6. b3 Nf6 7. Re1 e5 8.
c3 Be7 9. d4 h6 10. Nbd2 cxd4 11. cxd4 O-O 12. Bb2 Qc7 13. Rc1 Qb8 14. Nc4 Rd8
15. dxe5 dxe5 16. Qe2 Bb4 17. Red1 Re8 18. Ne3 a5 19. Nd5 Be7 20. Rxc6 bxc6 21.
Bxe5 Qb7 22. Nc7 Bd6 23. Nxe8 Bxe5 24. Nxf6+ Bxf6 25. Qc2 Re8 26. e5 Be7 27.
Nd4 Rd8 28. Nf5 Rxd1+ 29. Qxd1 Bf8 30. Qg4 Kh7 31. Nd6 Qe7 32. Qe4+ Kg8 33. f4
Qa7+ 34. Kf1 Qc5 35. Nc4 Qb5 36. e6 fxe6 37. Qxe6+ Kh8 38. Kf2 Qc5+ 39. Kg3 Be7
40. Qe3 Qb4 41. a3 Qb7 42. Nxa5 Qd7 43. Nxc6 Bxa3 44. Ne5 Qe8 45. Qe4 Qb8 46.
Qd3 Qb4 47. Ng6+ Kg8 48. Qc4+ Qxc4 49. bxc4 Kf7 50. Ne5+ Kf6 51. Kf3 Bd6 52.
Ke4 Ke6 53. h3 g5 54. f5+ Kf6 55. Ng4+ Kg7 56. Kd5 1-0

[Event "ODJM A 2017"]
[Site "Willingen GER"]
[Date "2017.06.04"]
[Round "2"]
[White "Sabirov, Ramil"]
[Black "Yi, Danny"]
[Result "1/2-1/2"]
[Termination "normal"]
[Board "6"]
[WhiteElo "2038"]
[BlackElo "2066"]
[WhiteClock "00:07:18"]
[BlackClock "00:47:37"]
[PlyCount "56"]
[WhiteFideId "12900303"]
[BlackFideId "12988588"]
[EventCountry "GER"]
[EventRounds "9"]
[EventType "swiss"]
[EventDate "2017.06.03"]

1. d4 Nf6 2. c4 g6 3. Nc3 d5 4. cxd5 Nxd5 5. e4 Nxc3 6. bxc3 Bg7 7. Bc4 c5 8.
Ne2 Nc6 9. Be3 O-O 10. O-O Qc7 11. Rc1 Rd8 12. Qd2 b6 13. Rfd1 Bb7 14. Bf4 e5
15. Bg5 Rd6 16. d5 Na5 17. Bb3 c4 18. Ba4 Bc8 19. f4 f6 20. fxe5 fxe5 21. Rf1
Bg4 22. h3 Bxe2 23. Qxe2 b5 24. Bc2 Nb7 25. Rb1 a6 26. a4 Qd7 27. Qg4 Qe8 28.
Be3 Bf6 1/2-1/2

[Event "ODJM A 2017"]
[Site "Willingen GER"]
[Date "2017.06.04"]
[Round "2"]
[White "Munkhjargal, Narmandakh"]
[Black "Shopanov, Akzhan"]
[Result "0-1"]
[Termination "normal"]
[Board "7"]
[WhiteElo "1957"]
[BlackElo "2091"]
[WhiteClock "00:26:08"]
[BlackClock "00:27:09"]
[PlyCount "80"]
[WhiteFideId "4903382"]
[BlackFideId "13713272"]
[EventCountry "GER"]
[EventRounds "9"]
[EventType "swiss"]
[EventDate "2017.06.03"]

1. d4 d5 2. c4 c6 3. Nc3 Nf6 4. Nf3 a6 5. e3 b5 6. cxd5 cxd5 7. Ne5 e6 8. Bd3
Bd6 9. f4 O-O 10. O-O Bb7 11. Bd2 Nc6 12. Rc1 Rc8 13. Bb1 Na5 14. b3 Ba3 15.
Rc2 Nc6 16. Nxc6 Rxc6 17. Ne2 Rxc2 18. Qxc2 Qd6 19. Bc1 Bb4 20. Bb2 Ne4 21. Ng3
Rc8 22. Nxe4 dxe4 23. Qe2 Ba3 24. Bxa3 Qxa3 25. f5 exf5 26. Rxf5 Rc1+ 27. Rf1
Rxf1+ 28. Qxf1 Qb2 29. Qd1 Qc3 30. Kf2 Qc7 31. h3 g6 32. b4 Qc3 33. Qe1 Qb2+
34. Kg3 Bd5 35. h4 f5 36. Kf4 Qxg2 37. Ke5 Bc4 38. d5 Qh2+ 39. Ke6 Qc7 40. Qd2
Kf8 0-1

[Event "ODJM A 2017"]
[Site "Willingen GER"]
[Date "2017.06.04"]
[Round "2"]
[White "Weber, Daniel"]
[Black "Fistoul, Boris"]
[Result "1-0"]
[Termination "normal"]
[Board "8"]
[WhiteElo "2058"]
[BlackElo "1902"]
[WhiteClock "00:06:59"]
[BlackClock "00:24:42"]
[PlyCount "73"]
[WhiteFideId "24615498"]
[BlackFideId "12953962"]
[EventCountry "GER"]
[EventRounds "9"]
[EventType "swiss"]
[EventDate "2017.06.03"]

1. d4 e6 2. e4 b6 3. Nc3 Bb7 4. Nf3 Bb4 5. Bd3 Nf6 6. Qe2 d5 7. e5 Ne4 8. Bd2
Nxd2 9. Qxd2 Be7 10. Ne2 O-O 11. O-O c5 12. c3 Ba6 13. Bxa6 Nxa6 14. Ne1 Rc8
15. f4 g6 16. g4 Qd7 17. f5 exf5 18. gxf5 Rfe8 19. e6 fxe6 20. f6 Bxf6 21. Rxf6
Rf8 22. Rxf8+ Rxf8 23. Nd3 cxd4 24. cxd4 Nc7 25. Rf1 Rxf1+ 26. Kxf1 Nb5 27. Ne5
Qe7 28. Qf4 a5 29. Nf3 Nd6 30. Qg5 Qf8 31. Kg2 Nf5 32. Ne5 b5 33. Nc6 Kg7 34.
Qf4 a4 35. Qe5+ Kf7 36. Nf4 Qc8 37. Nxe6 1-0

[Event "ODJM A 2017"]
[Site "Willingen GER"]
[Date "2017.06.04"]
[Round "2"]
[White "Kreutz, Jonas"]
[Black "Diller, Daniel"]
[Result "0-1"]
[Termination "normal"]
[Board "9"]
[WhiteElo "1926"]
[BlackElo "1976"]
[WhiteClock "00:22:22"]
[BlackClock "00:09:08"]
[PlyCount "66"]
[WhiteFideId "12970697"]
[BlackFideId "12908983"]
[EventCountry "GER"]
[EventRounds "9"]
[EventType "swiss"]
[EventDate "2017.06.03"]

1. e4 e6 2. d4 d5 3. Nc3 Bb4 4. a3 Bxc3+ 5. bxc3 dxe4 6. Qg4 Nf6 7. Qxg7 Rg8 8.
Qh6 Rg6 9. Qd2 b6 10. Ne2 Bb7 11. a4 Nc6 12. Nf4 Rg8 13. Bb2 e5 14. Ne2 Qd7 15.
Ng3 O-O-O 16. Bb5 a6 17. Bxc6 Bxc6 18. Qe2 exd4 19. cxd4 e3 20. fxe3 Rde8 21.
O-O Ne4 22. Nxe4 Rxe4 23. Rf2 Reg4 24. g3 Qd5 25. e4 Rxe4 26. Qf3 Kb8 27. Rff1
Qc4 28. Qxf7 Bd5 29. Qxh7 Re2 30. Rf2 Rxf2 31. Kxf2 Rf8+ 32. Ke3 Rf3+ 33. Kd2
Rf2+ 0-1

[Event "ODJM A 2017"]
[Site "Willingen GER"]
[Date "2017.06.04"]
[Round "2"]
[White "Hartmann, Jakob"]
[Black "Bui, Hai Lam"]
[Result "1-0"]
[Termination "normal"]
[Board "10"]
[WhiteElo "2103"]
[BlackElo "1916"]
[WhiteClock "00:05:25"]
[BlackClock "00:45:22"]
[PlyCount "59"]
[WhiteFideId "12918067"]
[BlackFideId "12975737"]
[EventCountry "GER"]
[EventRounds "9"]
[EventType "swiss"]
[EventDate "2017.06.03"]

1. e4 c5 2. Nf3 d6 3. d4 cxd4 4. Nxd4 Nf6 5. Nc3 a6 6. Bg5 e6 7. f4 Be7 8. Qf3
Qc7 9. O-O-O O-O 10. g4 b5 11. Bd3 Bb7 12. Qh3 g6 13. Rhe1 b4 14. e5 dxe5 15.
fxe5 Nd5 16. Ne4 Qxe5 17. Nf6+ Bxf6 18. Rxe5 Bxe5 19. Nf3 Bh8 20. Be4 Ra7 21.
Bh6 Rc8 22. Ng5 Nf6 23. Qe3 Bxe4 24. Qxa7 Rxc2+ 25. Kb1 Rd2+ 26. Nxe4 Rxd1+ 27.
Kc2 Rd8 28. Qc7 Re8 29. Nd6 Nd5 30. Qxf7# 1-0

[Event "ODJM A 2017"]
[Site "Willingen GER"]
[Date "2017.06.04"]
[Round "2"]
[White "Melde, Benjamin"]
[Black "Rieper, Julian"]
[Result "0-1"]
[Termination "normal"]
[Board "11"]
[WhiteElo "1781"]
[BlackElo "2064"]
[WhiteClock "00:19:42"]
[BlackClock "00:53:42"]
[PlyCount "88"]
[WhiteFideId "12958816"]
[BlackFideId "12936960"]
[EventCountry "GER"]
[EventRounds "9"]
[EventType "swiss"]
[EventDate "2017.06.03"]

1. Nf3 d5 2. g3 g6 3. Bg2 Bg7 4. O-O e5 5. d3 Ne7 6. c4 c6 7. cxd5 Nxd5 8. Nc3
O-O 9. Qb3 Nc7 10. Bg5 Qe8 11. Ne4 h6 12. Bxh6 Ne6 13. Bxg7 Kxg7 14. Qc3 f6 15.
Nd6 Qd7 16. Nxc8 Rxc8 17. Rac1 Na6 18. e3 Nac7 19. b4 a5 20. bxa5 Nb5 21. Qd2
Qc7 22. Bh3 Re8 23. a4 Nd6 24. Qa2 Nd8 25. d4 e4 26. Nd2 Qxa5 27. Nc4 Nxc4 28.
Rxc4 Qh5 29. Bg2 Rh8 30. h3 Nf7 31. Rb1 Ra7 32. Qa3 Qd5 33. Qc5 Qxc5 34. dxc5
f5 35. Rcb4 Rb8 36. f3 exf3 37. Bxf3 Ne5 38. Kg2 Kf6 39. e4 Rba8 40. exf5 Rxa4
41. Rxb7 Ra2+ 42. R1b2 gxf5 43. Kf2 Rxb2+ 44. Rxb2 Nd3+ 0-1

[Event "ODJM A 2017"]
[Site "Willingen GER"]
[Date "2017.06.04"]
[Round "2"]
[White "Wensing, Maximilian"]
[Black "Lüßmann, Thomas"]
[Result "1-0"]
[Termination "normal"]
[Board "12"]
[WhiteElo "1922"]
[BlackElo "1952"]
[WhiteClock "01:05:18"]
[BlackClock "01:06:08"]
[PlyCount "31"]
[WhiteFideId "16222415"]
[BlackFideId "1270602"]
[EventCountry "GER"]
[EventRounds "9"]
[EventType "swiss"]
[EventDate "2017.06.03"]

1. e4 e6 2. d4 d5 3. Nd2 dxe4 4. Nxe4 Nd7 5. Nf3 Ngf6 6. Ng3 c5 7. Bd3 cxd4 8.
Nxd4 Ne5 9. O-O Nxd3 10. Qxd3 Be7 11. Rd1 O-O 12. Qe2 Bd7 13. b3 Qc7 14. Bb2
Rfd8 15. Ndf5 Bc6 16. Be5 1-0

[Event "ODJM A 2017"]
[Site "Willingen GER"]
[Date "2017.06.04"]
[Round "2"]
[White "Knudsen, Simon"]
[Black "Engel, Robert"]
[Result "1-0"]
[Termination "normal"]
[Board "13"]
[WhiteElo "2004"]
[BlackElo "1887"]
[PlyCount "117"]
[WhiteFideId "12985546"]
[BlackFideId "12974684"]
[EventCountry "GER"]
[EventRounds "9"]
[EventType "swiss"]
[EventDate "2017.06.03"]

1. e4 c5 2. Nf3 d6 3. d4 cxd4 4. Nxd4 Nf6 5. Nc3 a6 6. Rg1 e6 7. g4 Nc6 8. Be3
Be7 9. Qd2 Qc7 10. g5 Nd7 11. h4 b5 12. O-O-O b4 13. Nce2 Bb7 14. f3 Rc8 15.
Nxc6 Bxc6 16. Nd4 Bb7 17. Kb1 Nb6 18. Qf2 Nc4 19. Bc1 d5 20. h5 g6 21. Rh1 Rf8
22. hxg6 hxg6 23. Bh3 Bc5 24. Qe2 Qe5 25. Nb3 Be3 26. exd5 Bxc1 27. Qxe5 Nxe5
28. Kxc1 Bxd5 29. Rxd5 Nxf3 30. Rc5 Rxc5 31. Nxc5 a5 32. Ne4 Ke7 33. Bg2 Nd4
34. Re1 Rh8 35. c3 Nb5 36. Bf1 Rh1 37. Rd1 Nc7 38. Nf6 Nd5 39. Nxd5+ exd5 40.
Bg2 Rh2 41. Bxd5 Rh5 42. Rf1 Rxg5 43. Rxf7+ Ke8 44. Bc4 Rc5 45. Rf4 bxc3 46.
bxc3 g5 47. Rd4 Ke7 48. Kc2 Kf6 49. Kd3 Rf5 50. Rd6+ Ke7 51. Rd5 Rf3+ 52. Kd4
Rf4+ 53. Kc5 g4 54. Rg5 Rf3 55. Rxg4 Rxc3 56. Rd4 Rg3 57. Kb5 Rg5+ 58. Rd5 Rg4
59. Bb3 1-0

[Event "ODJM A 2017"]
[Site "Willingen GER"]
[Date "2017.06.04"]
[Round "2"]
[White "Pölt, Christoph"]
[Black "Arndt, Magnus"]
[Result "0-1"]
[Termination "normal"]
[Board "14"]
[WhiteElo "1905"]
[BlackElo "2017"]
[PlyCount "58"]
[WhiteFideId "12960853"]
[BlackFideId "12998656"]
[EventCountry "GER"]
[EventRounds "9"]
[EventType "swiss"]
[EventDate "2017.06.03"]

1. d4 Nf6 2. c4 e6 3. g3 d5 4. Bg2 Bb4+ 5. Bd2 Be7 6. Nf3 O-O 7. O-O b6 8. Nc3
Bb7 9. Ne5 Nbd7 10. cxd5 exd5 11. Nd3 Ne4 12. b4 Ndf6 13. b5 a6 14. bxa6 Rxa6
15. Nxe4 dxe4 16. Nb4 Ra7 17. e3 Qd7 18. Qb3 Re8 19. a3 h6 20. Rfc1 Bd6 21. Bf1
Qf5 22. Be1 Qh5 23. h3 Bc8 24. h4 Bg4 25. Qc4 Bf3 26. Bg2 g5 27. Bxf3 Qxf3 28.
Nc2 gxh4 29. gxh4 Kh8 0-1

[Event "ODJM A 2017"]
[Site "Willingen GER"]
[Date "2017.06.04"]
[Round "2"]
[White "Parvanyan, Ashot"]
[Black "Gorainow, Nikita"]
[Result "1-0"]
[Termination "normal"]
[Board "15"]
[WhiteElo "2326"]
[BlackElo "1812"]
[PlyCount "69"]
[WhiteFideId "13307550"]
[BlackFideId "12970093"]
[EventCountry "GER"]
[EventRounds "9"]
[EventType "swiss"]
[EventDate "2017.06.03"]

1. Nf3 c5 2. g3 g6 3. Bg2 Bg7 4. O-O Nf6 5. c4 Nc6 6. d4 cxd4 7. Nxd4 O-O 8.
Nc3 Nxd4 9. Qxd4 d6 10. Qd3 Bf5 11. e4 Be6 12. Bd2 Rc8 13. b3 Nd7 14. Rac1 Nc5
15. Qe2 a5 16. Rfd1 Bd7 17. Be3 b6 18. Nd5 Bc6 19. Bg5 Re8 20. Qe3 f6 21. Bh6
b5 22. Bxg7 Kxg7 23. cxb5 Bxb5 24. f4 e6 25. Nc3 Ba6 26. e5 fxe5 27. fxe5 d5
28. Nxd5 exd5 29. Rxd5 Nd7 30. Rcd1 Re7 31. Rd6 Qe8 32. Rxa6 Rxe5 33. Rxd7+ Kg8
34. Bd5+ Kh8 35. Rxh7+ 1-0

[Event "ODJM A 2017"]
[Site "Willingen GER"]
[Date "2017.06.04"]
[Round "2"]
[White "Erofeev, Anastasia"]
[Black "Ciolek, Andreas"]
[Result "0-1"]
[Termination "normal"]
[Board "16"]
[WhiteElo "1970"]
[BlackElo "2184"]
[PlyCount "110"]
[WhiteFideId "12917915"]
[BlackFideId "12906727"]
[EventCountry "GER"]
[EventRounds "9"]
[EventType "swiss"]
[EventDate "2017.06.03"]

1. d4 Nf6 2. c4 g6 3. g3 Bg7 4. Bg2 O-O 5. Nf3 d6 6. O-O Nbd7 7. Nc3 e5 8. e4
exd4 9. Nxd4 Re8 10. h3 a6 11. Re1 Rb8 12. Bf4 Ne5 13. b3 c5 14. Nde2 b5 15.
cxb5 axb5 16. Rc1 Ba6 17. Bxe5 Rxe5 18. Nf4 Re8 19. Qd2 Qe7 20. Ncd5 Nxd5 21.
Nxd5 Qa7 22. Qf4 Re6 23. h4 Be5 24. Qf3 Bb7 25. Re2 Rc8 26. Qd3 Qa3 27. Rcc2 c4
28. Qd1 Bxd5 29. exd5 Re7 30. f4 Qa7+ 31. Kf1 Bg7 32. Rxe7 Qxe7 33. Qe2 Qc7 34.
Bh3 Ra8 35. bxc4 b4 36. Qe3 Bf6 37. Bg4 Ra3 38. Qe8+ Kg7 39. Kg2 Qc5 40. Qe2
Re3 41. Qf2 Bd4 42. Qf1 Bc3 43. Be2 Qd4 44. Bf3 Rd3 45. Qf2 Qxc4 46. Qe2 Qd4
47. Qe4 Rd2+ 48. Rxd2 Qxd2+ 49. Qe2 Qc1 50. Qd1 Qb2+ 51. Qe2 Bd2 52. Qc4 Bxf4+
53. Be2 Be5 54. Kf3 Qb1 55. Bf1 Qe1 0-1

[Event "ODJM A 2017"]
[Site "Willingen GER"]
[Date "2017.06.04"]
[Round "2"]
[White "Terhuven, Patrick"]
[Black "Steffens, Oliver"]
[Result "1/2-1/2"]
[Termination "normal"]
[Board "17"]
[WhiteElo "2171"]
[BlackElo "1948"]
[PlyCount "74"]
[WhiteFideId "12919098"]
[BlackFideId "12947148"]
[EventCountry "GER"]
[EventRounds "9"]
[EventType "swiss"]
[EventDate "2017.06.03"]

1. d4 d5 2. Nf3 Nf6 3. c4 e6 4. g3 Be7 5. Bg2 O-O 6. O-O c5 7. cxd5 Nxd5 8. Nc3
Nc6 9. Nxd5 Qxd5 10. Be3 Bf6 11. Ne5 Qd8 12. Nxc6 bxc6 13. dxc5 Rb8 14. Qa4
Rxb2 15. Rab1 Rxe2 16. Bxc6 Qe7 17. Rfc1 Bg5 18. Bxg5 Qxg5 19. Bf3 Rb2 20. c6
Qd2 21. Qxa7 Rxa2 22. Qe3 Qxe3 23. fxe3 Ra7 24. c7 f6 25. Rb8 Kf7 26. Be2 Ke7
27. Bb5 h6 28. Kf2 g5 29. e4 e5 30. Rc2 Rh8 31. Ke3 Rf8 32. Kd2 Rh8 33. Rc4
Ra2+ 34. Kc3 Rxh2 35. Ba6 Kd7 36. Bb5+ Ke7 37. Ba6 Kd7 1/2-1/2

[Event "ODJM A 2017"]
[Site "Willingen GER"]
[Date "2017.06.04"]
[Round "2"]
[White "Schnabel, Bennett"]
[Black "Dechant, Georg"]
[Result "1-0"]
[Termination "normal"]
[Board "18"]
[WhiteElo "2137"]
[BlackElo "2031"]
[PlyCount "61"]
[WhiteFideId "12943290"]
[BlackFideId "12956716"]
[EventCountry "GER"]
[EventRounds "9"]
[EventType "swiss"]
[EventDate "2017.06.03"]

1. e4 c5 2. c3 g6 3. d4 cxd4 4. cxd4 d5 5. e5 Nc6 6. Nc3 Nh6 7. Bb5 e6 8. Nf3
Bg7 9. O-O O-O 10. Bxc6 bxc6 11. Na4 Nf5 12. Bf4 f6 13. Rc1 Ba6 14. Re1 fxe5
15. Bxe5 Qa5 16. Nc5 Bc8 17. a3 Qb5 18. Rc3 Qb6 19. Qc2 Qd8 20. Qa4 Qe8 21. h3
h6 22. Bxg7 Kxg7 23. Ne5 Ne7 24. Rce3 Rf4 25. Ned3 Rf6 26. Nxe6+ Bxe6 27. Rxe6
Rxe6 28. Rxe6 Qf7 29. Re2 Rf8 30. Nc5 Qf4 31. Qb4 1-0

[Event "ODJM A 2017"]
[Site "Willingen GER"]
[Date "2017.06.04"]
[Round "2"]
[White "Elier, Ali"]
[Black "Greßmann, Moritz"]
[Result "0-1"]
[Termination "normal"]
[Board "19"]
[WhiteElo "1931"]
[BlackElo "2100"]
[PlyCount "61"]
[WhiteFideId "16217543"]
[BlackFideId "24695084"]
[EventCountry "GER"]
[EventRounds "9"]
[EventType "swiss"]
[EventDate "2017.06.03"]

1. e4 e5 2. Nf3 Nc6 3. Bc4 Bc5 4. b4 Bxb4 5. c3 Ba5 6. d4 d6 7. Qb3 Qf6 8. d5
Nd4 9. Nxd4 exd4 10. Qa4+ Kd8 11. Qxa5 Qg6 12. Kf1 Qxe4 13. Be2 Bh3 14. Rg1 d3
15. Bd1 Bf5 16. Be3 Nf6 17. Bf3 Qe5 18. Bd4 Qf4 19. Na3 Ng4 20. Bxg4 Bxg4 21.
Qb4 Qd2 22. Bf6+ gxf6 23. Qxg4 Qxc3 24. Re1 d2 25. Rd1 Re8 26. g3 Qxa3 27. Rxd2
Qc1+ 28. Rd1 Qc2 29. Qf3 Kd7 30. Kg2 Qe4 31. Kh1 0-1

[Event "ODJM A 2017"]
[Site "Willingen GER"]
[Date "2017.06.04"]
[Round "2"]
[White "Hofmann, Marko"]
[Black "Dette, Jan"]
[Result "1-0"]
[Termination "normal"]
[Board "20"]
[WhiteElo "1837"]
[BlackElo "2032"]
[PlyCount "65"]
[WhiteFideId "12935875"]
[BlackFideId "12936677"]
[EventCountry "GER"]
[EventRounds "9"]
[EventType "swiss"]
[EventDate "2017.06.03"]

1. d4 Nf6 2. Nc3 d5 3. e4 Nxe4 4. Nxe4 dxe4 5. Bc4 Nc6 6. c3 e5 7. Qb3 Qf6 8.
d5 Nd8 9. h4 h6 10. Be3 Bd6 11. O-O-O O-O 12. Ne2 Bg4 13. Rdg1 Bxe2 14. Bxe2
Qe7 15. g4 Bc5 16. g5 Bxe3+ 17. fxe3 Qd6 18. Qc4 c6 19. dxc6 Qxc6 20. gxh6 Qxh6
21. Qxe4 Ne6 22. Rh3 Rac8 23. Rhg3 Rc5 24. Bc4 Rxc4 25. Qxc4 Rd8 26. Qe4 Qh5
27. Qg4 Qh7 28. Qe2 Qe4 29. Qf3 Qc4 30. Qf6 Kf8 31. Rxg7 Nxg7 32. Qxd8+ Ne8 33.
Qa5 1-0

[Event "ODJM A 2017"]
[Site "Willingen GER"]
[Date "2017.06.04"]
[Round "2"]
[White "Stemmler, Fabian"]
[Black "Schlick, Stefan"]
[Result "1/2-1/2"]
[Termination "normal"]
[Board "21"]
[WhiteElo "1982"]
[BlackElo "2012"]
[PlyCount "60"]
[WhiteFideId "12964808"]
[BlackFideId "16211332"]
[EventCountry "GER"]
[EventRounds "9"]
[EventType "swiss"]
[EventDate "2017.06.03"]

1. d4 Nf6 2. Bg5 d5 3. Nd2 c5 4. e3 Nc6 5. c3 Qb6 6. Qb3 e6 7. Ngf3 Be7 8. Be2
O-O 9. O-O Bd7 10. Ne5 Rfd8 11. f4 cxd4 12. Qxb6 axb6 13. exd4 Kf8 14. Bd3 g6
15. h3 Ng8 16. Bxe7+ Kxe7 17. g4 f6 18. Nef3 Kf7 19. a3 Na5 20. Rae1 b5 21. Nh4
Nc4 22. Nxc4 bxc4 23. Bb1 Ra6 24. f5 exf5 25. gxf5 g5 26. Ng2 Re8 27. Rxe8 Bxe8
28. Ne3 Ne7 29. Kg2 Ba4 30. Kg3 Ra8 1/2-1/2

[Event "ODJM A 2017"]
[Site "Willingen GER"]
[Date "2017.06.04"]
[Round "2"]
[White "Fuhrmann, Åke"]
[Black "Schimnatkowski, Lukas"]
[Result "0-1"]
[Termination "normal"]
[Board "22"]
[WhiteElo "1793"]
[BlackElo "2021"]
[PlyCount "34"]
[WhiteFideId "12983853"]
[BlackFideId "12936723"]
[EventCountry "GER"]
[EventRounds "9"]
[EventType "swiss"]
[EventDate "2017.06.03"]

1. c4 c5 2. g3 Nc6 3. Bg2 g6 4. Nc3 Bg7 5. e4 d6 6. Nge2 e6 7. d3 Nge7 8. O-O
O-O 9. f4 Rb8 10. a3 Nd4 11. Rb1 a6 12. b4 b5 13. Be3 Nec6 14. bxc5 dxc5 15. e5
Nxe2+ 16. Qxe2 Nd4 17. Bxd4 Qxd4+ 0-1

[Event "ODJM A 2017"]
[Site "Willingen GER"]
[Date "2017.06.04"]
[Round "2"]
[White "Longo, Claudio"]
[Black "Garbuz, Vitaliy"]
[Result "1/2-1/2"]
[Termination "normal"]
[Board "23"]
[WhiteElo "1979"]
[BlackElo "1841"]
[PlyCount "118"]
[WhiteFideId "12994766"]
[BlackFideId "12990710"]
[EventCountry "GER"]
[EventRounds "9"]
[EventType "swiss"]
[EventDate "2017.06.03"]

1. d4 Nf6 2. Nf3 d5 3. e3 c5 4. b3 Nc6 5. Bb2 Bg4 6. Nbd2 e6 7. Be2 Bd6 8. c4
cxd4 9. exd4 Qe7 10. Ne5 Bxe2 11. Qxe2 O-O 12. O-O Rad8 13. Rac1 Nd7 14. Rfe1
Ndxe5 15. dxe5 Bb4 16. Red1 Bxd2 17. Rxd2 dxc4 18. Rxc4 Rxd2 19. Qxd2 Rd8 20.
Qc2 Qd7 21. Kf1 h6 22. a3 Qd2 23. b4 a6 24. f4 Qe3 25. Bc1 Qb6 26. Rc5 Nd4 27.
Qc4 Nf5 28. g4 Ne7 29. Be3 Nc6 30. Ke2 Qc7 31. Qe4 Qd7 32. Rc1 Qd5 33. Qxd5
Rxd5 34. Rc3 Rd7 35. Bc5 Ne7 36. Bd6 Nd5 37. Rc8+ Kh7 38. Kf3 Nb6 39. Rc1 Nd5
40. Ke4 f6 41. Rc8 Nb6 42. Re8 fxe5 43. fxe5 Nc4 44. Rxe6 Nxa3 45. Kd5 Nc2 46.
Kc5 Kg8 47. Re7 Rxe7 48. Bxe7 Kf7 49. Bd6 Ne3 50. h3 Ke6 51. Kb6 Nc4+ 52. Kxb7
a5 53. b5 a4 54. Kc7 a3 55. Bb4 a2 56. Bc3 Nxe5 57. b6 g5 58. b7 Nd7 59. Ba1
Nc5 1/2-1/2